Statistics for IndyCar Drivers of the 2020s

Click here to take the quiz!

General Stats

  • This quiz has been taken 59 times
    (31 since last reset)
  • The average score is 39 of 56

Answer Stats

YearsDriverCountry% Correct
2020-2023Marcus EricssonSweden
100%
2020-2023Álex PalouSpain
95%
2021-2023Christian LundgaardDenmark
95%
2020-2022Takuma SatoJapan
95%
2020-2023Patricio O'WardMexico
91%
2021-2023Romain GrosjeanFrance
91%
2020-2023Scott DixonNew Zealand
91%
2020-2023Simon PagenaudFrance
91%
2020-2023Colton HertaUnited States
86%
2020-2023Felix RosenqvistSweden
86%
2020-2023Graham RahalUnited States
86%
2020-2023Hélio CastronevesBrazil
86%
2020-2023Josef NewgardenUnited States
86%
2020-2022Marco AndrettiUnited States
86%
2020-2023Will PowerAustralia
86%
2023Agustín CanapinoArgentina
82%
2020-2023Scott McLaughlinNew Zealand
82%
2020-2023Alexander RossiUnited States
77%
2021-2023Callum IlottUnited Kingdom
77%
2020-2023Conor DalyUnited States
77%
2020-2022Ed CarpenterUnited States
77%
2020Fernando AlonsoSpain
77%
2020-2021James HinchcliffeCanada
77%
2023Marcus ArmstrongNew Zealand
77%
2020-2023Rinus VeeKayNetherlands
77%
2023Sting Ray RobbUnited States
77%
2023Benjamin PedersenUnited States
73%
2020-2023Jack HarveyUnited Kingdom
73%
2022-2023Kyle KirkwoodUnited States
73%
2020-2021Ryan Hunter-ReayUnited States
73%
2020-2021Sébastien BourdaisFrance
73%
2021-2022Stefan WilsonUnited Kingdom
73%
2020-2022Tony KanaanBrazil
73%
2021Ed JonesUnited Arab Emirates
68%
2021-2022Juan Pablo MontoyaColombia
64%
2021-2022Simona de SilvestroSwitzerland
64%
2022-2023David MalukasUnited States
59%
2022-2023Devlin DeFrancescoCanada
59%
2021Kevin MagnussenDenmark
59%
2020-2021Max ChiltonUnited Kingdom
59%
2020-2021Oliver AskewUnited States
59%
2020-2023Santino FerrucciUnited States
59%
2020-2022Dalton KellettCanada
55%
2021Pietro FittipaldiBrazil
55%
2020-2022Sage KaramUnited States
55%
2022Tatiana CalderónColombia
55%
2020-2021Charlie KimballUnited States
50%
2021R.C. EnersonUnited States
50%
2021-2022Jimmie JohnsonUnited States
45%
2020Spencer PigotUnited States
41%
2021Cody WareUnited States
36%
2020-2022J.R. HildebrandUnited States
32%
2020Zach VeachUnited States
32%
2020James DavisonAustralia
27%
2020Ben HanleyUnited Kingdom
23%
2021Ryan NormanUnited States
23%

Score Distribution

Percentile by Number Answered

Percent of People with Each Score

Your Score History

You have not taken this quiz since the last reset